LIBRARY & INFORMATION CENTRE, KCAET, TAVANUR

ONLINE PUBLIC ACCESS CATALOGUE (OPAC)

Kinetic Energy Storag: Theory and Practice of Advanced Flywheel System / (Record no. 7593)

MARC details
000 -LEADER
fixed length control field 00323cam a2200109ua 4500
082 ## - DEWEY DECIMAL CLASSIFICATION NUMBER
Classification number 621.823
Item number GEN?KI
100 ## - MAIN ENTRY--AUTHOR NAME
Personal name Genta, G .
245 ## - TITLE STATEMENT
Title Kinetic Energy Storag: Theory and Practice of Advanced Flywheel System /
260 ## - PUBLICATION, DISTRIBUTION, ETC. (IMPRINT)
Place of publication London :
Name of publisher Butterworth &Co (Publishers) Ltd. ,
Year of publication 1985.
300 ## - PHYSICAL DESCRIPTION
Number of Pages 362 ; .
942 ## - ADDED ENTRY ELEMENTS (KOHA)
Koha item type Books
Holdings
Withdrawn status Lost status Damaged status Home library Current library Date acquired Full call number Accession Number Koha item type
      KAUAET KAUAET 31/08/1987 621.823 16334 Books
free website counter